000 00634nas a2200229 a 4500
001 69842
003 143784
005 20201118110713.0
008 ||||||n9999 ||| || ||
041 _aspa
245 0 _aCuadernos de la CEPAL - No.10
260 _aChile :
_bComisión Económica para América Latina y el Caribe (CEPAL),
_c1976.
562 _e1
650 _aAMÉRICA CENTRAL
650 _aCOMPORTAMIENTO ECONOMICO
650 _aECONOMÍA REGIONAL
650 _aEVOLUCION
650 _aINTEGRACION ECONOMICA REGIONAL
650 _aMERCADOS COMUNES
773 _069834
_aCuadernos de la CEPAL
942 _cSISS
999 _c69842
_d69842